| 000 | 00824nam a22002297a 4500 | ||
|---|---|---|---|
| 999 |
_c7526 _d7526 |
||
| 003 | AR-CdUCM | ||
| 008 | 190320b ||||| |||| 00| 0 spa d | ||
| 040 |
_aMUNICIPALIDAD PROVINCIAL DEL CUSCO _cBIBLIOTECA MUNICIPAL DEL CUSCO |
||
| 082 |
_a549 / _bG82 |
||
| 100 |
_aGroeber, Pablo _921242 |
||
| 245 | _aMineralogía y Geología / | ||
| 260 |
_aArgentina : _bEspasa-Calpe ; _c1938. |
||
| 300 |
_a492 páginas ; _bIlustraciones, tablas _c21cm |
||
| 505 | _aContenido: Minerales y rocas -- Observaciones prácticas sobre minerales -- Breves nociones de simetría -- Sistema cubico -- Sistema cuadrático y tetragonal... | ||
| 650 |
_aMinerales _921243 |
||
| 650 |
_aCarbonatos _921244 |
||
| 650 |
_aPetrografía _921245 |
||
| 650 |
_aTierra _9337 |
||
| 650 |
_aGeología _917044 |
||
| 942 |
_2ddc _cLIBROS |
||
| 945 | _anom | ||